| 000 | 00764nam a2200241Ia 4500 | ||
|---|---|---|---|
| 003 | OSt | ||
| 005 | 20220925221658.0 | ||
| 006 | a|||||r|||| 00| 0 | ||
| 007 | ta | ||
| 008 | 220923b |||||||| |||| 00| 0 eng d | ||
| 020 |
_a9780262034029 _c1663.67 |
||
| 037 |
_b1050855, 10/03/2017, Atlantic Publisher & Distributers _cGeneral Book |
||
| 040 |
_aRTL _cRTL _beng |
||
| 041 |
_2eng _aeng |
||
| 082 | _aS8, Q6 | ||
| 100 |
_aWITTMANN Marc _9286917 |
||
| 245 | 0 |
_aFelt time _b Psychology of how we perceive time |
|
| 260 |
_aLondon _bMIT Press _c2016 |
||
| 300 |
_axiii, 169p. _ccm. |
||
| 650 | _aEconomics | ||
| 942 |
_hS8, Q6 _cGB _2CC |
||
| 999 |
_c575062 _d575062 |
||